| 000 | 01345cab a2200229 4500 | ||
|---|---|---|---|
| 001 | E2664 | ||
| 008 | 090401t1995 xxu||||| |||| 00| 0 eng d | ||
| 035 | _a(Sirsi) u40467 | ||
| 041 | _aeng | ||
| 245 | _aOvergate Centre Ltd v William Low Supermarkets Ltd | ||
| 260 | _c1995 | ||
| 350 | _a0 | ||
| 490 |
_aScots Law Times _v1995 SLT 1181-1189(9) |
||
| 520 | _aOUter House. Lord Cameron of Lochbroom. 26 October 1994. Landlord and tenant - lease - tenants in breach of contractual obligation to occupy and operate premises - whether order for specific implement ad interim to enforce contractual obligations competent - whether prima facie case - whether order sought inspecific - balance of convenience - Court of Session Act 1988 (c36), ss46 and 47(2). Process - interim orders - tenants in breach of contractual obligation to occupy and operate premises - landlords seeking specific implement ad interim to restore previous situation - whether competent - whether prima facie case - whether order sought inspecific - balance of convenience - Court of Session Act 1988, ss46 and 47(2). | ||
| 650 | _aCOMMERCIAL LEASES | ||
| 650 | _aCOURT OF SESSION ACT 1988 | ||
| 650 |
_aLANDLORD AND TENANT _96252 |
||
| 650 | _aOBLIGATION TO OCCUPY | ||
| 690 | _aLANDLORD AND TENANT-CASE LAW-BUSINESS TENANCIES | ||
| 942 | _n0 | ||
| 948 | _c04/03/1997 | ||
| 999 |
_c25934 _d25934 |
||